| 000 | 00000nam##2200000za#4500 |
| 001 | 9.648620 |
| 003 | CaOODSP |
| 005 | 20210615113211 |
| 007 | ta |
| 008 | 150407|2002||||xxc||||| f|0| 0 eng|d |
| 020 | |a0-662-32682-2 |
| 040 | |aCaOODSP|beng |
| 043 | |an-cn--- |
| 086 | 1 |aEn40-669/2002E |
| 110 | 1 |aCanada.|bEnvironment Canada. |bEnvironmental Economics Branch. |
| 245 | 10|aIndustrial water use, 1996 / |cby Dave Scharf et al. |
| 260 | |aMontreal - Quebec : |bEnvironment Canada. |c2002. |
| 300 | |avi, 39p. : |bgraphs, tables ; |c28 cm. |
| 563 | |aSoftcover |
| 590 | |a02-40|b2002-10-04 |
| 690 | 07|aWater use|2gcpds |
| 690 | 07|aIndustrial waste|2gcpds |
| 690 | 07|aWaste water|2gcpds |
| 690 | 07|aWater supply|2gcpds |
| 720 | 1 |aScharf, David Nelson |
| 775 | 08|tUtilisation industrielle de l'eau, 1996 / |w(CaOODSP)9.681895 |
| 776 | 0#|tIndustrial water use, 1996 / |w(CaOODSP)9.686325 |